000 00600nam a2200193 i 4500
001 142886
003 ES-MaACL
007 t|
008 071010s1982 sp ||||1| spa d
100 1 _aVidal Muñoz, Santiago.
_9114504
245 1 0 _aAndrés Bello
_b: americanista y filósofo /
_cSantiago Vidal Muñoz.
260 _aMadrid :
_bOriens,
_c1982.
300 _a120 p. ;
_c21 cm.
490 1 _aHombres, sistemas, técnicas ;
_v11
600 1 4 _aBello, Andrés.
_927233
830 0 _aHombres, sistemas, técnicas ;
_v11
_9220282
852 _aES-MaACL
_jL-3446
_bR.104027
999 _c142886
_d142886